000 00657nam a2200205Ia 4500
003 GCL
005 20240530102351.0
008 140319s9999 xx 000 0 ara d
040 _aGCL /
_cGCL
082 0 4 _a371.3/
_bح ط
100 1 _aحسن على سلامة
245 1 0 _aطرق تدريس الرياضيات /
_cحسن على سلامة
260 _aالقاهرة :
_bدار الفجر للنشر والتوزيع ،
_c1995
300 _a411 ص:
_bايض ؛
_c24 سم
650 0 4 _aطرق التدريس
650 0 4 _aالتربية
650 0 4 _aالرياضيات
650 0 4 _aالرياضيات - طرق التدريس
942 _2ddc
_cBK
999 _c31743
_d31743